00337nam a2200109Ia 4500008004100000020001800041040002900059050002300088100006500111245002200176260002900198230222s9999||||xx |||||||||||||| ||und|| a0 07 234903 4 cChuka University Library aQL 47.2bH535 2003 aHickman, Cleveland P. and Larry S. Roberts [and]Allan Larson 0aAnimal diversity  aMcGrawhillbBostonc2003